| 000 | 00348nam a22001451a 4500 | ||
|---|---|---|---|
| 082 |
_aH4 _bRAM/R |
||
| 100 | _aRamdhari Singh Dinkar | ||
| 245 |
_aReti ke phool/ _cby Ramdhari Singh Dinkar |
||
| 260 |
_aPatna: _bUdayachal, _c1972. |
||
| 300 | _a142p. | ||
| 650 | _aEssays Hindi | ||
| 650 | _aLiterature Hindi | ||
| 650 | _aLiterature | ||
| 942 | _cBK | ||
| 999 |
_c38260 _d38260 |
||